000
00244nam a22000857a 4500
999
_c
516438
_d
516438
100
_a
Weeraperuma, Susunaga
_9
22934
245
_a
J. Krishnamurti as i knew him
_c
by Susunaga Weeraperuma
260
_a
Delhi
_b
Motilal Banarsidass
_c
1988
300
_a
184p.